000 00454nam a2200181Ia 4500
008 131103s9999 xx 000 0 und d
040 _aLoreto College
041 _aEnglish
082 _aF/SEG
_bLCBED/11237
100 _aSegal, Erich
245 _aActs of faith
_cErich Segal
260 _aLondon
_bArrow
_c1989
300 _a525p.
_c 18 cm.
650 _aEnglish - fiction
651 _aEnglish literature
850 _aLCBED/F/SEG
942 _cBK
999 _c32948
_d83427